خير الد ين با ر بر وسہ (Record no. 70247)

MARC details
000 -LEADER
fixed length control field 01435nam a22002297a 4500
005 - DATE AND TIME OF LATEST TRANSACTION
control field 20120912164212.0
010 ## - LCCN (DPL NO)
LC control number B-472585-89
020 ## - INTERNATIONAL STANDARD BOOK NUMBER
Terms of availability 200.00
International Standard Book Number 8181880994
035 ## - SYSTEM CONTROL NUMBER
System control number B-472585-89
037 ## - SOURCE OF ACQUISITION
Source of stock number/acquisition BPPD
100 ## - MAIN ENTRY--PERSONAL NAME
Personal name ا سلم ر ا ہی
245 ## - TITLE STATEMENT
Title خير الد ين با ر بر وسہ
Statement of responsibility, etc ا سلم ر اہی
Remainder of title د لچسپ اور و لو لہ ا نگيز تا ر يخی نا ول
246 ## - VARYING FORM OF TITLE
Title proper/short title Khair Uddin Bar Brosa
Remainder of title By Aslam Rahi
260 ## - PUBLICATION, DISTRIBUTION, ETC. (IMPRINT)
Place of publication, distribution, etc 3243-کو چہ تا رہ چند د ر يا گنج ن‏ دھلی
Name of publisher, distributor, etc عا کف بک ڈ پو
300 ## - PHYSICAL DESCRIPTION
Extent 472 ص
Dimensions 18 Cm.(P.b)
942 ## - ADDED ENTRY ELEMENTS (KOHA)
Source of classification or shelving scheme Dewey Decimal Classification
Item type Urdu Bks
Classification part ں
Call number suffix ا س ل
Holdings
Withdrawn status Lost status Not for loan Collection code Home library Current library Date acquired Source of acquisition Cost, normal purchase price Full call number Barcode Copy number Cost, replacement price Koha item type
      Fiction Central Library Central Library 24/09/2012 R.B.C/7/20-03-12/28329/23-03-12/30-03-12 200.00 ں ا س ل B-472585 1 200.00 Urdu Bks
      Fiction Karol Bagh Karol Bagh 24/09/2012 R.B.C/7/20-03-12/28329/23-03-12/30-03-12 200.00 ں ا س ل B-472588 1 200.00 Urdu Bks
      Fiction Mobile Library Mobile Library 24/09/2012 R.B.C/7/20-03-12/28329/23-03-12/30-03-12 200.00 ں ا س ل B-472586 1 200.00 Urdu Bks
      Fiction Patel Nagar Patel Nagar 24/09/2012 R.B.C/7/20-03-12/28329/23-03-12/30-03-12 200.00 ں ا س ل B-472587 1 200.00 Urdu Bks
      Fiction Shahdara Branch Shahdara Branch 24/09/2012 R.B.C/7/20-03-12/28329/23-03-12/30-03-12 200.00 ں ا س ل B-472589 1 200.00 Urdu Bks

© Delhi Public Library
Hit Counter
free hit counter